000 00234nam a2200109Ia 4500
999 _c9357
_d9357
020 _a978-0321393616
100 _aNeil A.Weiss
245 0 _aIntroductory Statistics
260 _aNew Delhi
_bAddison
_c2004
300 _a96
942 _cBK